Vista completa de documento

FMT BK
LDR 00595nam  2200169ui 4500
001 000136061
008 980616s1983    xxu      c    001 0 eng  
020 |a 0810305399
098 |a Z11 |e Bibliotecas, hemerotecas y centros de documentación
24500 |a Periodical title abbreviations / |c compiled and edited by Leland G. Alkire, Jr.
250 |a 4th ed.
260 |a Detroit : |b Gale Research, |c 1983
300 |a 1 v.
500 |a Vol. 2: by title. - 1133 p.
7001 |a Alkire, Leland G.
LKR |a PAR |b 000136059 |l NSB01 |m Periodical title abbreviations |n Periodical title abbreviations
035 |a (OCoLC)1337778434 |z OCOLC1337778434
TYP |a Libro
SYS 000136061

2013 Banco de España, Madrid, España. Reservados todos los derechos
Basado en Ex Libris (© 2009 Ex Libris)

Contacto